| 000 | 00473pab a2200181 454500 | ||
|---|---|---|---|
| 008 | 180718b2013 xxu||||| |||| 00| 0 eng d | ||
| 100 | _aAnand, Smita | ||
| 245 | _aAccess to higher education in India: Cross state analysis | ||
| 260 | _c2013 | ||
| 300 | _ap.18-22,27 | ||
| 362 | _a5 Aug | ||
| 650 | _aHigher education - India | ||
| 650 | _aAccess to education - India | ||
| 650 | _aAccess to education | ||
| 773 | _aUniversity News | ||
| 908 | _aN | ||
| 909 | _a99847 | ||
| 999 |
_c99846 _d99846 |
||